004620000a22001330004500090001700000245013400017041001400151700004000165700002500205100002500230942001300255773004300268999001700311 aASbSeriadas10aObservaciones sobre la composición, ecología, y zoogeografía de la avifauna de la Sierra de Chiribiquete, Caqueta, Colombia0 aEspañol1 aTelleria Geiger, José Luis9994061 aDíaz, Mario9994071 aStiles, F. Gary9877 cARTICULO1 tCaldasia345h82-85q481-500d1995g17 c14919d14919